00645nam a2200217Ia 4500008004100000020001700041040001400058082002100072100002300093245001700116260003200133300001100165365002600176366000800202505002200210530003000232620009800262630001700360650003300377730001700410100315s9999 xx 000 0 und d a0566022605  cENGLISH  b9695 a658.42  a"Mills, Geoffrey " aOn the Board aEngland bGower  c1981  a232   eRupees d1 b0.00  f0  gVaibhav Gaikwad  bDonated By RBI Library   a"Directors of corporations, On the Board, Human Resource Development, Management, RBI Book " aOn the Board aHuman Resource Development  aOn the Board